|
|
|
|
| LEADER |
00000nam0a2200000 4500 |
| 001 |
221472 |
| 005 |
20231101230412.0 |
| 010 |
|
|
|a 9785987044971
|
| 035 |
|
|
|a (RuTPU)RU\TPU\book\241627
|
| 035 |
|
|
|a RU\TPU\book\218357
|
| 090 |
|
|
|a 221472
|
| 100 |
|
|
|a 20120911d2010 m y0rusy50 ca
|
| 101 |
0 |
|
|a rus
|
| 102 |
|
|
|a RU
|
| 105 |
|
|
|a a j 001zy
|
| 200 |
1 |
|
|a Общая химическая технология. Введение в моделирование химико-технологических процессов
|e учебное пособие для вузов
|f А. Ю. Закгейм
|
| 205 |
|
|
|a 3-е изд., перераб. и доп.
|
| 210 |
|
|
|a Москва
|c Логос
|d 2010
|
| 215 |
|
|
|a 304 с.
|c ил.
|
| 225 |
1 |
|
|a Новая университетская библиотека
|
| 320 |
|
|
|a Библиогр.: с. 295-297.
|
| 330 |
|
|
|a Рассмотрены вопросы создания математических моделей химико-технологических процессов, в ходе которых осуществляются химические превращения. Кратко изложены аспекты математического моделирования: выбор или разработка алгоритмов.Для студентов высших учебных заведений, обучающихся по направлениям "Химическая технология и биотехнология" и "Материаловедение".
|
| 451 |
|
1 |
|0 (RuTPU)RU\TPU\book\173043
|y 978-5-98704-289-5
|t Общая химическая технология. Введение в моделирование химико-технологических процессов
|o учебное пособие
|f А. Ю. Закгейм
|e 3-е изд., перераб. и доп.
|c Москва
|n Логос
|d 2009
|p 304 с.
|s Новая университетская библиотека
|a Закгейм, Александр Юделевич
|
| 606 |
1 |
|
|a Химико-технологические процессы
|x Моделирование
|2 stltpush
|3 (RuTPU)RU\TPU\subj\30957
|9 53958
|
| 610 |
1 |
|
|a химическая технология
|
| 610 |
1 |
|
|a математические модели
|
| 610 |
1 |
|
|a эксперименты
|
| 610 |
1 |
|
|a химические реакции
|
| 610 |
1 |
|
|a математическое описание
|
| 610 |
1 |
|
|a стехнометрия
|
| 610 |
1 |
|
|a равновесие
|
| 610 |
1 |
|
|a аппараты непрерывного действия
|
| 610 |
1 |
|
|a потоки
|
| 610 |
1 |
|
|a перенос
|
| 610 |
1 |
|
|a явления переноса
|
| 610 |
1 |
|
|a нестационарные процессы
|
| 610 |
1 |
|
|a диффузионное торможение
|
| 610 |
1 |
|
|a оптимизация
|
| 610 |
1 |
|
|a учебные пособия
|
| 675 |
|
|
|a 66.011(075.8)
|v 3
|
| 700 |
|
1 |
|a Закгейм
|b А. Ю.
|g Александр Юделевич
|
| 801 |
|
1 |
|a RU
|b 63413507
|c 20110904
|
| 801 |
|
2 |
|a RU
|b 63413507
|c 20140729
|g RCR
|
| 900 |
|
|
|a Общая химическая технология
|
| 900 |
|
|
|a Моделирование химико-технологических процессов
|
| 942 |
|
|
|c BK
|
| 953 |
|
|
|b 240100
|b 240700
|b 150100
|
| 959 |
|
|
|a 73/20110904
|d 5
|e 264,00
|f ЧЗТЛ:1
|f АНЛ:1
|f УФ:3
|